000 00467nam a2200181Ia 4500
001 2543
005 20260306144815.0
008 260306t2000||||xx |||||||||||||| ||spa||
041 _aESP
082 _a616.8914
_bW17
100 _aWainrib, Barbara Rubin
_eAUT
245 0 _aIntervención en crisis y respuesta al trauma:
_bteoría y práctica
260 _c2000
300 _a183 páginas :
_c21 cm.
650 _aGEN
654 _aCPS
942 _cLIB
_dJUS
_fJUS
_2ddc
_n
999 _c2543
_d2543